| 000 | 00378 a2200157 4500 | ||
|---|---|---|---|
| 001 | 59856 | ||
| 020 | _a9783596852963 | ||
| 040 | _cAnchieta - Pituba | ||
| 100 | _aRees, Celia | ||
| 240 | 1 | 0 |
_aDie kinder der sechsten dämmerung _lpor |
| 245 | 1 | 0 | _aDie kinder der sechsten dämmerung |
| 300 | _a443 | ||
| 362 | 0 | _a2007 | |
| 650 | 4 | _aLiteratura juvenil em alemão | |
| 942 | _cBK | ||
| 999 |
_c59856 _d59856 |
||